Molecular cell motility and shapes / (Record no. 144008)

MARC details
000 -LEADER
fixed length control field 00580nam a22001817a 4500
005 - DATE AND TIME OF LATEST TRANSACTION
control field 20170904134111.0
010 ## - LCCN (DPL NO)
LC control number ENG-120212
020 ## - INTERNATIONAL STANDARD BOOK NUMBER
International Standard Book Number 9788182930384
Terms of availability 950.00
035 ## - SYSTEM CONTROL NUMBER
System control number EN-103744
037 ## - SOURCE OF ACQUISITION
Source of stock number/acquisition DBAD/PUB
082 ## - DEWEY DECIMAL CLASSIFICATION NUMBER
Classification number 612.74
100 ## - MAIN ENTRY--PERSONAL NAME
Personal name Krishnamurthy ,Aishwarya
245 ## - TITLE STATEMENT
Title Molecular cell motility and shapes /
Statement of responsibility, etc by Aishwarya Krishnamurthy /
260 ## - PUBLICATION, DISTRIBUTION, ETC. (IMPRINT)
Place of publication, distribution, etc New Delhi
Name of publisher, distributor, etc International scientific publishing academy
Date of publication, distribution, etc 2011
270 ## - ADDRESS
Address 4594/9,Daryaganj New Delhi 110002
300 ## - PHYSICAL DESCRIPTION
Extent xii,279p.:
Dimensions 22cm.(Hb)
Other physical details ill.:
942 ## - ADDED ENTRY ELEMENTS (KOHA)
Source of classification or shelving scheme Dewey Decimal Classification
Item type English Books
Classification part 612.74
Call number suffix KRI
Holdings
Withdrawn status Lost status Not for loan Collection code Home library Current library Date acquired Cost, normal purchase price Full call number Barcode Copy number Cost, replacement price Koha item type
      Non-fiction Shahdara Branch Shahdara Branch 04/09/2017 950.00 612.74 KRI EN-103744 1 950.00 English Books

© Delhi Public Library
Hit Counter
free hit counter